Nové technológie v diplomatickej praxi

Informácie v diplomacii, ku ktorým jednoduchšej prehľadnosti prispievajú internetové odkazy, takzvané hypertexty. Internetový nástroj, uľahčujúci interpretáciu diplomatických textov.

Saved in:
Bibliographic Details
Main Author: Adamcová, Silvia, 1984-
Format: Book Chapter
Language:Slovak
Subjects:
Tags: Add Tag
No Tags, Be the first to tag this record!

MARC

LEADER 00000nla a2200000 4500
001 0166978
005 20240502072918.1
041 0 |a slo 
044 |a SK 
245 1 0 |a Nové technológie v diplomatickej praxi  |c Silvia Adamcová 
520 |a Informácie v diplomacii, ku ktorým jednoduchšej prehľadnosti prispievajú internetové odkazy, takzvané hypertexty. Internetový nástroj, uľahčujúci interpretáciu diplomatických textov. 
610 2 0 |a diplomacia 
610 2 0 |a jazyky cudzie 
610 2 0 |a komunikácia 
610 2 0 |a vzťahy medzinárodné 
610 2 0 |a zmluvy medzinárodné 
610 2 0 |a informácie 
610 2 0 |a internet 
100 1 |a Adamcová, Silvia, 1984-